0ut Lander (Record no. 3466)

MARC details
000 -LEADER
fixed length control field 00343nam a22001457a 4500
008 - FIXED-LENGTH DATA ELEMENTS--GENERAL INFORMATION
fixed length control field 250514b |||||||| |||| 00| 0 eng d
020 ## - INTERNATIONAL STANDARD BOOK NUMBER
ISBN 9781784751371
100 ## - MAIN ENTRY--AUTHOR
Author Gabaldon, Diana
245 ## - TITLE STATEMENT
Title 0ut Lander
260 ## - PUBLICATION, DISTRIBUTION, ETC. (IMPRINT)
Place of publication London
Name of publisher Penguin
Date of publication 1991
300 ## - COLLATION
Pagination 875p.
650 ## - TRACINGS
Main Subject Time travel-Fiction
942 ## - ADDED ENTRY ELEMENTS (KOHA)
Item type Books
050 ## - LIBRARY OF CONGRESS CALL NUMBER
Classification number PS3557.A22
Item number .O98
Holdings
Source of classification or shelving scheme Not for loan Permanent location Current location Date acquired Accession No. Full call number Barcode. Koha item type
Library of Congress Classification   Samuel Ogbemudia Main Library, University of Abuja Samuel Ogbemudia Main Library, University of Abuja 05/14/2025 2024/64336 PS3557.A22.O98 2025-1933 Books